Kooperativnyje javlenija v optike : Sverchizlučenije,Bistabilnosť,Fazovyje pereohody /

Gespeichert in:
Bibliographische Detailangaben
Hauptverfasser: Andrejev, Anatolij Vasiljevič (Verfasst von), Jemeljanov, Vladimir Iljič (Verfasst von), Ilinskij, Jurij Anatoljevič (Verfasst von)
Format: Buch
Veröffentlicht: Moskva : Nauka, 1988
Tags: Tag hinzufügen
Keine Tags, Fügen Sie das erste Tag hinzu!

MARC

LEADER 00000nam a22000003a 4500
001 stu14092
005 20150617225759.2
008 ------s1988----xxr---------------------d
040 |a STU  |b slo 
041 0
044 |a xxr 
080 |a 535.3 
100 1 |a Andrejev, Anatolij Vasiljevič  |4 aut 
245 1 |a Kooperativnyje javlenija v optike :  |b Sverchizlučenije,Bistabilnosť,Fazovyje pereohody /  |c [aut.]Andrejev,Anatolij Vasiljevič, Jemeljanov,Vladimir Iljič, Ilinskij,Jurij Anatoljevič 
260 |a Moskva :  |b Nauka,  |c 1988 
300 |a 286 s :  |b Grafy,lit 
700 1 |a Jemeljanov, Vladimir Iljič  |4 aut 
700 1 |a Ilinskij, Jurij Anatoljevič  |4 aut 
996 |b C82023  |c C*82023  |l CCV  |s P  |a 0  |w stu14092_0001